Catálogo
Digital

Catálogo
Digital

Ecuador en la mira, las revelaciones de wikileaks y la conspiración en el gobierno de Rafael Correa (Record no. 14332)

MARC details
000 -CABECERA
campo de control de longitud fija 01846nam a2200301 4500
003 - IDENTIFICADOR DEL NÚMERO DE CONTROL
campo de control EC-UNACH
005 - FECHA Y HORA DE LA ÚLTIMA TRANSACCIÓN
campo de control 20251219135541.0
006 - CÓDIGOS DE INFORMACIÓN DE LONGITUD FIJA--CARACTERÍSTICAS DEL MATERIAL ADICIONAL
campo de control de longitud fija s||||gr|||| 00| 00
008 - DATOS DE LONGITUD FIJA--INFORMACIÓN GENERAL
campo de control de longitud fija 150116t9999 mx r gr 000 0 spa d
020 ## - NÚMERO INTERNACIONAL ESTÁNDAR DEL LIBRO
Número Internacional Estándar del Libro S/N
040 ## - FUENTE DE LA CATALOGACIÓN
Centro catalogador/agencia de origen EC-UNACH
Centro/agencia transcriptor EC-UNACH
041 ## - CÓDIGO DE LENGUA
Código de lengua del texto/banda sonora o título independiente spa
082 04 - NÚMERO DE LA CLASIFICACIÓN DECIMAL DEWEY
Número de edición 23
Número de clasificación 300
Número de documento/Ítem L018532
110 ## - ENTRADA PRINCIPAL--NOMBRE DE ENTIDAD CORPORATIVA
Nombre de entidad corporativa o nombre de jurisdicción como elemento de entrada El telegrafo
245 ## - MENCIÓN DE TÍTULO
Título Ecuador en la mira, las revelaciones de wikileaks y la conspiración en el gobierno de Rafael Correa
250 ## - MENCIÓN DE EDICIÓN
Mención de edición S/N
264 ## - Producción, publicación, distribución, fabricación y copyright
Lugar de producción, publicación, distribución, fabricación Ecuador
Nombre del de productor, editor, distribuidor, fabricante El telégrafo
Fecha de de producción, publicación, distribución, fabricación o copyright S/N
300 ## - DESCRIPCIÓN FÍSICA
Extensión 191
505 ## - NOTA DE CONTENIDO CON FORMATO
Nota de contenido con formato Correa en la mira de EE.UU: los intereses que estaban en juego según la embajada.- Informantes a EE.UU. en 2006"Correa no durará".- La élite reacciona: el inicio del acercamiento entre el sector empresarial y la derecha ecuatoriana con la Embajada de EE.UU. para enfrentar a Correa.- Estrategia de EE.UU. para dominar las fuerzas militares y seguridad del Ecuador.- El gran viraje de CONAIE: WikiLeaks revela cómo las cúpulas sustituyeron las causas políticas por la lucha por cuotas de poder.- WikiLeaks revela de dividir, manipular y desacreditar a UNASUR.- Chantaje para obtener "licencia para matar" en el Ecuador y el mundo.- Documentos WikiLeaks indican posible intento de importar separatismo boliviano al Ecuador.- EE.UU.: Recuperar la hegemonía de América del Sur pasa por derrotar a Chávez. Anatomía de la injerencia contra Venezuela.- EE.UU. en 1976. " La inestabilidad en Ecuador nos favorece" y golpe contra Rodríguez Lara.- La increíble historia de WikiLeaks: Entrevista con Julian Assange.
650 ## - PUNTO DE ACCESO ADICIONAL DE MATERIA--TÉRMINO DE MATERIA
Término de materia o nombre geográfico como elemento inicial CORREA EN LA MIRA DE EE.UU
650 ## - PUNTO DE ACCESO ADICIONAL DE MATERIA--TÉRMINO DE MATERIA
Término de materia o nombre geográfico como elemento inicial INFORMANTES A EE.UU
650 ## - PUNTO DE ACCESO ADICIONAL DE MATERIA--TÉRMINO DE MATERIA
Término de materia o nombre geográfico como elemento inicial ESTRATEGÍA DE EE.UU
700 ## - PUNTO DE ACCESO ADICIONAL--NOMBRE DE PERSONA
Nombre de persona Eirik Vold
942 ## - ELEMENTOS DE PUNTO DE ACCESO ADICIONAL (KOHA)
Fuente del sistema de clasificación o colocación Clasificación Decimal Dewey
Tipo de ítem Koha Libros
999 ## - NÚMEROS DE CONTROL DE SISTEMA (KOHA)
Koha biblionumber 14332
Holdings
Estado de pérdida Fuente del sistema de clasificación o colocación Estado dañado No para préstamo Localización permanente Ubicación/localización actual Ubicación en estantería Fecha de adquisición Fuente de adquisición Número de inventario Total de préstamos Signatura topográfica completa Código de barras Fecha visto por última vez Precio válido a partir de Tipo de ítem Koha Centro de costos
  Clasificación Decimal Dewey     Biblioteca Campus Norte Biblioteca Campus Norte Facultad de Ciencias Políticas y Administrativas - Generalidades 19/12/2025 Transitoria segunda Resolución N°0311-CU-UNACH-SE-ORD-16-09-24 39932896   300 VOL L018532 L018532 19/12/2025 19/12/2025 Libros  

Powered by Koha